[Event "Moscow Aeroflot op-A"]
[Site "Moscow"]
[Date "2005.02.20"]
[Round "6"]
[White "Petrosian, Tigran L"]
[Black "Khalifman, Alexander"]
[Result "0-1"]
[WhiteElo "2568"]
[BlackElo "2662"]
[Annotator "Lukacs,P"]
[PlyCount "80"]
[EventDate "2005.02.15"]
[EventType "swiss"]
[EventRounds "9"]
[EventCountry "RUS"]
[SourceTitle "CBM 106"]
[Source "ChessBase"]
[SourceDate "2005.06.06"]
[SourceVersion "1"]
[SourceVersionDate "2005.06.06"]
[SourceQuality "1"]

1. e4 c6 2. d4 d5 3. Nc3 dxe4 4. Nxe4 Bf5 5. Ng3 Bg6 6. h4 h6 7. Nf3 Nd7 8. h5
Bh7 9. Bd3 Bxd3 10. Qxd3 e6 11. Bf4 Qa5+ 12. Bd2 Qc7 13. O-O-O Ngf6 14. Qe2 (
14. Ne4 {is the other popular main line.}) 14... O-O-O 15. Ne5 Nb6 16. c4 $5 {
This sharp P sacrifice needs a lot of theoretical knowledge.} (16. Rh4 {
- Kovalevskaya-Deviatkin, Petroff mem St Petersburg 2000 CBM 76}) (16. Ba5 c5
17. Rh4) 16... Rxd4 17. Be3 Rxd1+ 18. Rxd1 Rg8 $1 19. f4 $1 {Black has
problems with the coordination of his pieces, but White cannot strengthen his
position with natural moves.} (19. Bf4 $6 Nbd7 20. Qd2 Bb4 $1 $17 {
Hellers-Khalifman, New York op 1990}) 19... Kb8 (19... c5 20. Qd3 (20. Kb1 $44
{Khalifman}) 20... Be7 21. Nxf7 {White gets back the sacrificed P, but Black
comes out of passivity.} Ng4 $1 {This is the active counterplay, which saves
Black.} (21... Rf8 22. Ne5 Rd8 23. Qc2 (23. Qg6 $6 Rxd1+ 24. Kxd1 Bd6) 23...
Rxd1+ 24. Kxd1 Bd6 25. Ng6 {The P structure is a bit better for White, >< e6
and g7 may become a target.} Qc6 (25... e5 $6 26. fxe5 Bxe5 27. Qf5+ $14 {
Sax-Andersson, Szirak m 1990}) (25... Ng4 $5 26. Bc1) 26. b3 (26. Kc1) 26...
Nbd7 27. Bc1 $14 {Magnusson-Lyrberg, Rilton Cup Stockholm 1991}) 22. Qe2 (22.
Qg6 Nxe3 23. Qxe6+ Kb8 24. Qxe3 Nxc4) (22. Qe4 Qc6 $1) 22... Nxe3 23. Qxe3 Kb8
$1 (23... Qc6 24. Qe2) 24. Qxe6 (24. Ne5 Bf6 25. b3 g5 $1 26. hxg6 Bxe5 27.
Qxe5 (27. fxe5 $6 Rxg6 $15 {Konguvel-Ravi, India-ch 1992}) 27... Qxe5 28. fxe5
Rxg6 29. Ne4 Rxg2 30. Nxc5 $11 {Murugan}) 24... Qxf4+ 25. Kb1 Qxg3 $5 (25...
Qf6 $6 26. Re1 $14 {Mitrakanth-Ravi, India-ch 1992}) 26. Qxe7 $14 {and White's
pieces are still a bit more active.}) 20. Qd3 $6 {White's plan is not logical,
he loses some tempi in order to exchange queens.} (20. Bxb6 $142 axb6 21. Ne4 {
gives enough compensation for the P, but probably not more than that.} Be7 (
21... Nxe4 22. Qxe4 (22. Rd7 $5 Qc8 23. Qxe4 f6 24. Qd3 Bc5 25. Nf7 (25. Ng6 b5
$1 26. cxb5 cxb5 27. Kb1 Qc6 $15 {Fedorowicz-Adianto, New York op 1993}) 25...
b5 $1 (25... Be3+ 26. Kc2 Bxf4 27. Nd8 Bc7 28. Nxe6 Be5 29. g4 $44 {Ju.
Polgar-Adianto, Jakarta m rapid blind 1996}) 26. cxb5 cxb5 27. Kb1 Bb6 {
parrying all the straightforward threats.} (27... Qc6 $2 28. Nd8 $1)) 22... Bd6
23. Qh7 {White now gets back the P finally.} Rc8 $5 (23... Re8 24. Qxg7 b5 25.
c5 Bxe5 26. fxe5 $1 $16 (26. Qxe5 Qxe5 27. fxe5 Rg8 $11 {Ulibin-Galkin,
RUS-Cup6 Krasnodar 1997})) 24. Qxg7 b5 25. g3 $5 (25. c5 $6 Bxe5 26. fxe5 Qe7
27. Rd6 Qh4 $13 {Sion Castro-Izeta, San Roque 1996}) 25... Bxe5 26. fxe5 bxc4 (
26... Qa5 27. Qxf7 $16) 27. Rd6 Qa5 $132 {and the white K is not safe.}) 22. g3
$44) (20. Ne4 Nxe4 21. Bxb6 axb6 {- 20.Bxb6}) (20. Qc2 Nc8 21. Ne4 Bd6 22. Nxd6
Nxd6 23. Qd3 Nf5 24. Bf2 c5 {1/2:1/2 Antonio-Adianto, Genting zt 1995}) 20...
Nc8 21. Qd8 $6 {following the wrong plan.} (21. c5 $6 Ne7 22. Nxf7 Ned5 $17) (
21. Ne4 {was the better chance keeping the active Q alive.} Nxe4 22. Qxe4 f5
23. Qf3 Bd6 24. Bd4 c5 25. Bc3 Ka8 26. g3 Rd8 27. Qe3 a6 {1/2:1/2
Guseinov-Maherramzade, AZe-chT Baku 2000}) 21... Bd6 22. Qxc7+ Bxc7 23. Nxf7 (
23. Nd7+ Ka8 (23... Nxd7 24. Rxd7 g5 (24... f5 25. Ne2 e5 $15)) 24. Nxf6 gxf6 {
and suddenly White has problems on the g file.} 25. Ne4 Nb6 (25... f5 26. Nf6
Rxg2 (26... Rd8 27. Rxd8 Bxd8 28. Ng8 $1 $36) 27. Rd7 $44) 26. Nxf6 Rg3 (26...
Rxg2 27. Ne8 Kb8 28. Nxc7 Kxc7 29. f5 $44) 27. Ne8 Kb8 28. Nxc7 Kxc7 29. Rd3 {
(Ernst-Adianto, Arnold Cup Gausdal 1992)} Kc8 $1 30. b3 Nd7 $17) 23... Ng4 24.
Bd2 Rf8 25. Ne5 Nxe5 26. fxe5 Bxe5 $17 {The _|_ is clearly better for Black,
he is a healthy P up and his pieces become active.} 27. Ne4 b6 28. Kc2 Kc7 29.
Re1 Bd4 30. Nc3 (30. b3 Nd6 31. Kd3 e5 $17) 30... Rf2 $6 {It was better to
keep the o^.} (30... Nd6 $1 31. b3 e5 $17 {and White's pawns on the >> remain
targets.}) 31. Rxe6 Rxg2 32. Kd3 $2 {Now Black has a strong intermediate move.}
(32. Re2 Rxe2 33. Nxe2 $15) (32. Re4 Bf6 $15) 32... Kd7 $1 33. Re1 Bf6 34. c5 (
34. Re2 {is already late:} Rxe2 35. Kxe2 Ne7 36. Kf3 Ke6 $17) 34... b5 {
There is another target on c5.} 35. a4 a6 36. axb5 axb5 37. b4 Ne7 38. Ne4 (38.
Rh1 Rg3+ 39. Kc2 Rg4 40. Kb3 Nf5 $19) 38... Be5 39. Rf1 Rh2 40. Bf4 Rh3+ 0-1

[Event "Moscow Aeroflot op-A"]
[Site "Moscow"]
[Date "2005.02.21"]
[Round "7"]
[White "Khalifman, Alexander"]
[Black "Bologan, Viktor"]
[Result "1/2-1/2"]
[WhiteElo "2662"]
[BlackElo "2683"]
[Annotator "Postny,E"]
[PlyCount "84"]
[EventDate "2005.02.15"]
[EventType "swiss"]
[EventRounds "9"]
[EventCountry "RUS"]
[SourceTitle "CBM 106"]
[Source "ChessBase"]
[SourceDate "2005.06.06"]
[SourceVersion "1"]
[SourceVersionDate "2005.06.06"]
[SourceQuality "1"]

1. Nf3 Nf6 2. c4 g6 3. g3 Bg7 4. Bg2 d5 (4... O-O 5. d4 d6 6. O-O {- leads to
King's Indian defense E62-E69.}) 5. O-O (5. cxd5 Nxd5 6. Nc3 (6. O-O Nc6 (6...
Nb6 7. Nc3 c5 8. d3 O-O {1/2-1/2 Stohl,I-Sutovsky,E/Leon 2001/CBM 86 [Postny,E]
(37)}) 7. Nc3 Nb6 8. d3 O-O 9. Be3 e5 10. a4 (10. Qd2 Re8 11. Bh6 Nd4 12. Bxg7
Kxg7 13. Nxd4 exd4 14. Ne4 {1-0 Pigusov,E-Miroshnichenko,E/Halkidiki 2002/CBM
92 [Postny,E] (41)}) 10... a5 11. Bxb6 cxb6 12. Nb5 Be6 13. Nd2 {1-0 Vaganian,
R-Nedev,T/Yerevan 2001/CBM 86 [Postny,E] (49)}) 6... Nxc3 7. bxc3 O-O 8. O-O e5
{1-0 Ribli,Z-Berndt,S/Germany 2003/CBM 95 [Postny,E] (32)}) 5... O-O (5... d4 {
leads to Benoni defense with reversed sides, when white has an extra tempo.})
6. cxd5 (6. d4 {transposes to Gruenfeld defense D74-D79.}) 6... Nxd5 7. Nc3 Nb6
(7... Nc6 8. Ng5 Nb6 9. d3 h6 10. Nge4 e5 {0-1 Paunovic,D-Saldano,H/Elgoibar
2003/CBM 99 [Postny,E] (41)}) 8. d3 (8. d4 {leads to the fashionable variation
of Gruenfeld defense - D76.}) 8... Na6 {Very rare continuation. Usually the
move 8...Nc6 is automatically executed here. In my opinion, the move in the
text is perfectly playable as well. Black is intending to play c7-c6, which
will create a barrier against the white light-squared bishop. In future,
black's queenside might be transfered to the centre by Na6-c7-e6-d4 or
Na6-b4-d5.} 9. Be3 h6 (9... c6 10. Qd2 Bg4 11. Bh6 Bxf3 12. Bxf3 Qd4 13. Bxg7
Kxg7 14. Rfd1 Rad8 15. Bg2 e5 16. Rac1 Nc5 17. Qc2 Ne6 $11 {1/2-1/2 Ballmann,
M-Villamayor,B/Gausdal 1986/EXT 97 (49)}) 10. Qc1 $146 (10. Rc1 Kh7 11. a3 c5
12. Qc2 Be6 13. h4 Qd7 14. Rfd1 Bf5 15. Bf4 $14 {0-1 Meyer,H-Zitin,Y/Tallinn
1997/CBM 059 ext (44)}) 10... Kh7 11. Rd1 c6 12. d4 {Sooner or later, white
has to make this push to seize some space.} Be6 13. Bf4 Qc8 14. Be5 f6 {
Of course, black should avoid the exchange of dark-squared bishops, even at a
price of this ugly move.} 15. Bf4 Bh3 16. Qc2 $6 ({I think, it was preferable
to keep the light-squared bishops on the board by} 16. Bh1) 16... Bxg2 17. Kxg2
Nb4 18. Qb3 N4d5 19. Bd2 f5 {Black has now good play on the light squares.} 20.
Nxd5 Nxd5 ({Worse is} 20... cxd5 $6 21. Bf4 $14 {[%csl Ge5]}) 21. Bf4 g5 $1 22.
Be5 g4 23. Ne1 Bxe5 24. dxe5 f4 {Black is consequent in his correct plan of
the kingside offensive.} 25. Qd3+ Kg7 26. Qe4 Qf5 27. Rd4 h5 28. Qxf5 Rxf5 {
This endgame is approximately equal.} 29. Nd3 Raf8 30. Rd1 f3+ 31. Kf1 fxe2+
32. Kxe2 e6 33. Rc1 Rf3 34. h3 $1 {Getting a target on the kingside.} gxh3 35.
Rh1 c5 36. Rc4 Rxd3 $1 {Without this sacrifice black could face problems.} (
36... b6 $6 37. Rxh3 Kg6 38. Rch4 R3f5 39. f4 {and white is better.}) 37. Kxd3
Rxf2 38. Rxh3 Rxb2 39. Rxh5 Kg6 40. Rh8 Rxa2 41. Rf8 $1 {It is important to
cut the black king off the centre.} (41. Rxc5 Kf5 {[%csl Gf5]}) 41... Ra3+ 42.
Kd2 Kg7 1/2-1/2

[Event "RUS-chT 12th"]
[Site "Sochi"]
[Date "2005.04.22"]
[Round "4"]
[White "Sadvakasov, Darmen"]
[Black "Khalifman, Alexander"]
[Result "1/2-1/2"]
[WhiteElo "2605"]
[BlackElo "2658"]
[Annotator "Rogozenco,D"]
[PlyCount "55"]
[EventDate "2005.04.19"]
[EventType "team-tourn"]
[EventRounds "11"]
[EventCountry "RUS"]
[SourceTitle "EXT 2020"]
[Source "ChessBase"]
[SourceDate "2019.10.17"]
[SourceVersion "1"]
[SourceVersionDate "2019.10.17"]
[SourceQuality "1"]
[WhiteTeam "Samara Yunilain"]
[BlackTeam "Samara Termosteps"]
[WhiteTeamCountry "RUS"]
[BlackTeamCountry "RUS"]

1. e4 c5 2. Nf3 Nc6 3. d4 cxd4 4. Nxd4 Nf6 5. Nc3 e6 6. Ndb5 d6 7. Bf4 e5 8.
Bg5 a6 9. Na3 b5 10. Bxf6 gxf6 11. Nd5 f5 12. Bd3 Be6 13. O-O Bxd5 14. exd5 Ne7
15. c3 {As we'll see, this flexible move can transpose later to other lines.} (
{Other main directions are:} 15. Qh5 e4 16. Be2 Bg7 17. c3 O-O 18. Nc2) (15.
Re1 Bg7 16. c3 O-O 17. Nc2) 15... Bg7 16. Nc2 $5 {White plans a2-a4. This is a
safe set-up, that requires some accuracy from Black in order to achieve
complete equality.} ({More popular is} 16. Qh5) 16... O-O ({Interesting is} 
16... e4 17. Be2 f4 $5 $13) 17. a4 (17. Qh5 e4 18. Be2 {transposes to the line
15.Qh5}) ({transposes to 15.Re1} 17. Re1) 17... e4 18. Be2 bxa4 ({Also
possible is} 18... Qb6 19. axb5 axb5 20. Qd2 Ng6 21. Rxa8 Rxa8 $14 {/=}) (18...
Rb8 19. axb5 axb5 20. Qd2 $14) (18... f4 19. axb5 axb5 20. Qd2 $1 $14) 19. Rxa4
(19. Ne3 Rb8 (19... f4 20. Nc4 Ng6 21. Rxa4 Qg5 22. Kh1 Nh4 23. Rg1 $14 {
1-0 Willumsen,N-Rosenkilde,A (1989)/Copenhagen 2004 (29)}) 20. Nc4 Rb5 21. Rxa4
Rxd5 22. Qc1 a5 $13 {0-1 Offenborn,H (2384)-Cerqueira Filho,R (2374)/ICCF
Email 2001 (53)}) 19... Qb6 (19... a5 20. Qd2 $14) (19... Ng6 20. Rxa6 Rxa6 21.
Bxa6 Qg5 22. Qc1 f4 $44 {0-1 Ivekovic,Z-Kanmazalp,O (2213)/Heraklio 2004 (38)})
20. Rb4 (20. Ra2 f4 $132) 20... Qc5 $11 21. Ne3 Rab8 (21... Rfb8 $5 $11) (21...
f4 $2 22. Rxe4 $1) 22. Qb3 (22. Rc4 Qb6 (22... Qa5 23. Ra4 Qc5 24. Qd2 f4 25.
Nd1 $14 {[%csl Ra6,Re4,Rf4]}) 23. Rb4 Qc5 $11) 22... Rxb4 23. cxb4 Qc8 24. g3 (
24. Ra1 f4 25. Bxa6 Qa8 26. Nc2 Qxd5 27. Qxd5 Nxd5 28. Rd1 $11) 24... Ng6 (
24... f4 $5 25. gxf4 Ng6 26. Qc4 $140 Nxf4 $15) 25. Qc4 $1 f4 (25... Qd7 $6 26.
Qc6 $14) 26. Qxc8 Rxc8 27. gxf4 Rb8 (27... Nxf4 28. Bxa6 Rb8 29. b5) 28. Bxa6 (
28. Bxa6 Rxb4 29. f5 Nf4 30. Nc4 $11) 1/2-1/2

[Event "RUS-USA m"]
[Site "Ruschess.com INT"]
[Date "2005.07.10"]
[Round "2"]
[White "Polgar, Zsuzsa"]
[Black "Khalifman, Alexander"]
[Result "1/2-1/2"]
[WhiteElo "2577"]
[BlackElo "2653"]
[Annotator "Marin,M"]
[PlyCount "43"]
[EventDate "2005.07.02"]
[EventType "team"]
[EventRounds "2"]
[EventCountry "RUS"]
[SourceTitle "CBM 109"]
[Source "ChessBase"]
[SourceDate "2005.11.14"]
[SourceVersion "1"]
[SourceVersionDate "2005.11.14"]
[SourceQuality "1"]

1. Nf3 d5 2. g3 c6 3. Bg2 Nf6 4. O-O Bg4 5. c4 e6 6. Qb3 $5 {This is not
really the most popular way of dealing with the potential threat of ...dxc4.
However, it might be that the move is slightly underestimated.} ({Personally,
I consider} 6. cxd5 {rather inoffensive because of} Bxf3 $1 7. Bxf3 cxd5 {
and White can hardly prove any advantage.}) ({Generally,} 6. b3 {is considered
to be the most consistent continuation.}) 6... Qc7 $5 $146 {This rather
non-typical move has not been played before.} ({Black has faced some practical
problems lately after the more natural} 6... Qb6 7. Qc2 $1 {(The idea is to
leave the queen misplaced on b6. Black will certainly need some time to
transfer it to the more natural e7-square.)} Nbd7 8. d3 Be7 {This is probably
the safest square for the bishop under these circumstances.} (8... Bd6 9. Nc3
O-O 10. e4 {1-0 Azmaiparashvili,Z (2673)-Zulfugarli,M (2510)/Istanbul 2000/EXT
2001/[Horn,Pe] (34)}) (8... h6 $6 {is not really necessary. This move is
usually played only in combination with the development of the bishop on f5,
in order to ensure its retreat to h7 if needed.} 9. Nc3 Be7 10. e4 dxe4 11.
dxe4 Bxf3 12. Bxf3 e5 13. Be3 Qc7 14. Na4 Nf8 15. c5 Ne6 16. Rfd1 O-O 17. Be2
Rfd8 18. Kg2 Nd7 19. h4 Ndf8 20. Bc4 h5 21. a3 g6 22. Rxd8 Rxd8 23. Rd1 Nd4 24.
Bxd4 exd4 25. b4 Bf6 26. Nb2 Bg7 27. Nd3 $16 {1-0 Arencibia,W (2534)
-Skripchenko,A (2450)/Saint Vincent 2001/CBM 080 ext (39)}) 9. Nc3 O-O 10. b3
$5 ({With the bishop on e7, White failed to obtain an advantage after} 10. e4
dxe4 11. dxe4 e5 12. Be3 Qc7 13. Na4 b6 {-With the bishop on d6, this move
could have eventually be met by c5, which now would fail to ...b5-} 14. Ne1
Rfe8 15. Nd3 Nf8 16. f3 Bh5 17. Bh3 Rad8 18. Rad1 h6 19. Nc3 N6h7 20. Rd2 Ng5
21. Bg2 Nge6 $13 {0-1 Arencibia,W (2534)-Diez Gonzalez,P (2317)/Malaga 2001/
EXT 2002 (49)}) 10... Rfe8 11. h3 Bxf3 (11... Bh5 $5) 12. Bxf3 Ne5 13. Bg2 Rad8
14. Bf4 Ng6 15. Na4 Qa5 16. Bd2 Qc7 17. Rfd1 h5 (17... d4 18. e3 {is likely to
transpose}) 18. e3 d4 $5 19. exd4 h4 20. g4 Rxd4 21. Be3 Rxg4 $2 (21... Rdd8
22. Bxa7 $16) (21... Rd7 $5 $13 {[%csl Ge3,Yf4,Gg2]} 22. Bxa7 b5 23. Bb6 Qb8)
22. hxg4 Nxg4 23. Qe2 $16 {1-0 Izoria,Z (2573)-Haznedaroglu,K (2395)/Antalya
2004/CBM 101 (33)}) 7. d4 {This move weakens the c4-square and fails topose
Black concrete problems.} (7. d3 $5 Nbd7 8. Nc3 Be7 9. Bf4 e5 (9... Qb6 10. Qc2
$5) 10. Nxe5 Nxe5 11. d4 $36) 7... Nbd7 8. Nc3 Be7 9. Bf4 Qb6 {Now that the
c4-pawn is hanging, White cannot avoid the exchange of queens any more.} 10. c5
Qxb3 11. axb3 O-O 12. b4 {[%cal Yb4b5]} Bxf3 $1 ({Accuracy is needed.} 12... a6
$6 {would allow White create strong pressure against the black queen side by
means of} 13. Nd2 {[%csl Rb7][%cal Yd2b3,Yb3a5,Gf4b8] /\Nb3-a5.}) 13. Bxf3 a6
14. g4 h6 15. Bg3 Rac8 16. h3 Bd8 $1 {An essential part of Black+splan in this
kind of positions. The white dark squared bishop has to be exchanged.} 17. Bg2
Bc7 18. Bxc7 Rxc7 19. f4 Re8 20. e3 g6 21. Bf3 g5 22. Kf2 $14 {White has an
advantage of space and does hardly risk anything, although it is not easy to
break Black's position. However, the decision to agree to a draw looks a bit
premature.} (22. Kf2 Nf8 23. h4 $5 gxh4 $140 24. Rh1 Ng6 25. Rag1 $36) 1/2-1/2

[Event "Liepajas Rokade op"]
[Site "Liepaja"]
[Date "2005.08.12"]
[Round "11"]
[White "Khalifman, Alexander"]
[Black "Van Wely, Loek"]
[Result "1/2-1/2"]
[WhiteElo "2653"]
[BlackElo "2655"]
[PlyCount "27"]
[EventDate "2005.08.11"]
[EventType "swiss (rapid)"]
[EventRounds "11"]
[EventCountry "LAT"]
[SourceTitle "EXT 2018"]
[Source "ChessBase"]
[SourceDate "2017.10.13"]
[SourceVersion "1"]
[SourceVersionDate "2017.10.13"]
[SourceQuality "1"]

1. Nf3 d5 2. c4 e6 3. g3 Nf6 4. b3 b6 5. Bg2 Bb7 6. O-O Be7 7. Bb2 O-O 8. e3 c5
9. Qe2 Nc6 10. Rd1 Rc8 11. d3 Qc7 12. Nc3 Rfd8 13. Rac1 Qb8 14. cxd5 1/2-1/2

[Event "Liepajas Rokade"]
[Site "Liepaja"]
[Date "2005.08.12"]
[Round "1"]
[White "Sveshnikov, Vladimir"]
[Black "Khalifman, Alexander"]
[Result "0-1"]
[WhiteElo "2194"]
[BlackElo "2653"]
[PlyCount "66"]
[EventDate "2005.08.12"]
[EventType "tourn (rapid)"]
[EventRounds "13"]
[EventCountry "LAT"]
[SourceTitle "EXT 2018"]
[Source "ChessBase"]
[SourceDate "2017.10.13"]
[SourceVersion "1"]
[SourceVersionDate "2017.10.13"]
[SourceQuality "1"]

1. e4 c5 2. c3 d5 3. exd5 Qxd5 4. d4 Nf6 5. Nf3 Bg4 6. dxc5 Qxd1+ 7. Kxd1 Nc6
8. Be3 Nd5 9. Bb5 O-O-O 10. Kc2 e5 11. b4 e4 12. Bxc6 exf3 13. Bxd5 Rxd5 14.
gxf3 Bxf3 15. Rg1 Be7 16. Nd2 Bh5 17. Bd4 Bg6+ 18. Kb3 Rhd8 19. Nc4 f6 20. Ne3
Rh5 21. Rg2 Bf8 22. f3 Rh3 23. Rf2 f5 24. Kb2 Be7 25. Raf1 f4 26. Ng2 Bg5 27.
Rh1 Bh5 28. Bxg7 Rxf3 29. Rhf1 Rxf2+ 30. Rxf2 f3 31. Ne1 Bh4 32. Rf1 f2 33. Ng2
Be2 0-1

[Event "Liepajas Rokade"]
[Site "Liepaja"]
[Date "2005.08.13"]
[Round "5"]
[White "Kanep, Meelis"]
[Black "Khalifman, Alexander"]
[Result "1/2-1/2"]
[WhiteElo "2491"]
[BlackElo "2653"]
[PlyCount "56"]
[EventDate "2005.08.12"]
[EventType "tourn (rapid)"]
[EventRounds "13"]
[EventCountry "LAT"]
[SourceTitle "EXT 2018"]
[Source "ChessBase"]
[SourceDate "2017.10.13"]
[SourceVersion "1"]
[SourceVersionDate "2017.10.13"]
[SourceQuality "1"]

1. d4 Nf6 2. Bg5 Ne4 3. Bf4 d5 4. f3 Nf6 5. e4 e6 6. e5 Nfd7 7. Be3 c5 8. c3
Qb6 9. Qd2 Nc6 10. f4 Qa5 11. Nf3 cxd4 12. cxd4 Qxd2+ 13. Nbxd2 Nb6 14. a3 a5
15. Bd3 Bd7 16. Ke2 Be7 17. g4 f6 18. exf6 gxf6 19. g5 O-O-O 20. gxf6 Bxf6 21.
Ne5 Be8 22. Nxc6 Bxc6 23. Rac1 Kb8 24. Rhg1 a4 25. Nf3 Nc4 26. Bxc4 dxc4 27.
Ne5 Bxe5 28. fxe5 Rhg8 1/2-1/2

[Event "Liepajas Rokade"]
[Site "Liepaja"]
[Date "2005.08.13"]
[Round "6"]
[White "Khalifman, Alexander"]
[Black "Starostits, Ilmars"]
[Result "1/2-1/2"]
[WhiteElo "2653"]
[BlackElo "2474"]
[PlyCount "58"]
[EventDate "2005.08.12"]
[EventType "tourn (rapid)"]
[EventRounds "13"]
[EventCountry "LAT"]
[SourceTitle "EXT 2018"]
[Source "ChessBase"]
[SourceDate "2017.10.13"]
[SourceVersion "1"]
[SourceVersionDate "2017.10.13"]
[SourceQuality "1"]

1. d4 d5 2. c4 c6 3. Nf3 dxc4 4. e3 Be6 5. Nbd2 b5 6. a4 Qa5 7. Be2 Nf6 8. O-O
Bd5 9. Qc2 Na6 10. e4 Be6 11. Ng5 Bd7 12. e5 Nd5 13. e6 Bxe6 14. Nxe6 fxe6 15.
Nf3 g6 16. Ng5 Nac7 17. Bg4 Bg7 18. Nxe6 Nxe6 19. Bxe6 Nc7 20. Bg4 O-O 21. Bg5
Nd5 22. axb5 Qxb5 23. Be2 Bxd4 24. Bxc4 Qxb2 25. Qxb2 Bxb2 26. Ra6 e6 27. Rxc6
Rac8 28. Bb5 Rxc6 29. Bxc6 Bf6 1/2-1/2

[Event "Liepajas Rokade"]
[Site "Liepaja"]
[Date "2005.08.13"]
[Round "8"]
[White "Putka, Verner"]
[Black "Khalifman, Alexander"]
[Result "1/2-1/2"]
[WhiteElo "2283"]
[BlackElo "2653"]
[PlyCount "127"]
[EventDate "2005.08.12"]
[EventType "tourn (rapid)"]
[EventRounds "13"]
[EventCountry "LAT"]
[SourceTitle "EXT 2018"]
[Source "ChessBase"]
[SourceDate "2017.10.13"]
[SourceVersion "1"]
[SourceVersionDate "2017.10.13"]
[SourceQuality "1"]

1. Nf3 Nf6 2. d4 g6 3. c4 Bg7 4. g3 O-O 5. Bg2 d6 6. O-O Nc6 7. Nc3 a6 8. b3
Rb8 9. Bb2 b5 10. cxb5 axb5 11. Rc1 b4 12. Na4 Na7 13. Qc2 c6 14. e4 Ba6 15.
Rfe1 Bb5 16. Nd2 Nd7 17. e5 Bxa4 18. bxa4 d5 19. a3 bxa3 20. Bxa3 Re8 21. e6
fxe6 22. Nf3 e5 23. dxe5 e6 24. Bd6 Rc8 25. h4 Bf8 26. Bh3 Bh6 27. Rb1 c5 28.
h5 gxh5 29. Rb7 Nc6 30. Qd1 Na5 31. Rb5 Nf8 32. Nh4 Nc4 33. Qxh5 Qg5 34. Qxg5+
Bxg5 35. Bxc5 Bxh4 36. gxh4 Ng6 37. Bd6 Nf4 38. Bf1 Kf7 39. Rb7+ Kg6 40. h5+
Kxh5 41. Rxh7+ Kg6 42. Rb7 Rg8 43. Kh2 Rh8+ 44. Kg3 Nh5+ 45. Kg4 Nxd6 46. exd6
Nf6+ 47. Kf4 Rh4+ 48. Ke5 Ng4+ 49. Kxe6 Nxf2 50. d7 Rf8 51. Kxd5 Rxa4 52. Re6+
Kf5 53. Re8 Ra8 54. Rxa8 Rxa8 55. Rc7 Rd8 56. Kd6 Kf6 57. Rc8 Ne4+ 58. Kc7
Rxc8+ 59. dxc8=R Ke5 60. Kd7 Kd4 61. Re8 Nc5+ 62. Ke7 Ke5 63. Bg2 Nb3 64. Rd8
1/2-1/2

[Event "Liepajas Rokade"]
[Site "Liepaja"]
[Date "2005.08.13"]
[Round "9"]
[White "Khalifman, Alexander"]
[Black "Neiksans, Arturs"]
[Result "1/2-1/2"]
[WhiteElo "2653"]
[BlackElo "2453"]
[PlyCount "154"]
[EventDate "2005.08.12"]
[EventType "tourn (rapid)"]
[EventRounds "13"]
[EventCountry "LAT"]
[SourceTitle "EXT 2018"]
[Source "ChessBase"]
[SourceDate "2017.10.13"]
[SourceVersion "1"]
[SourceVersionDate "2017.10.13"]
[SourceQuality "1"]

1. Nf3 f5 2. c4 Nf6 3. g3 g6 4. Bg2 Bg7 5. O-O O-O 6. d4 d6 7. Nc3 c6 8. b3 Qc7
9. Bb2 a5 10. Rc1 Na6 11. d5 e5 12. dxe6 Bxe6 13. Ng5 Bc8 14. Qc2 Nc5 15. Rfd1
h6 16. Nf3 Be6 17. Nd4 Bf7 18. e3 Rad8 19. a3 Ne6 20. Nxe6 Bxe6 21. Ne2 Bf7 22.
Bc3 Nd7 23. Bxg7 Kxg7 24. Qd2 Nf6 25. Qc3 Bg8 26. Rd4 Kh7 27. Rcd1 Rd7 28. Qd2
Rfd8 29. Nc3 Qb6 30. Qc2 Qc5 31. e4 fxe4 32. Nxe4 Nxe4 33. Bxe4 Bf7 34. h4 Kg7
35. Qc3 Qe5 36. f4 Qf6 37. Qxa5 c5 38. R4d3 Re8 39. Bf3 g5 40. Qc3 Qxc3 41.
Rxc3 gxf4 42. gxf4 Be6 43. Rcd3 Red8 44. Kf2 Kf6 45. Bd5 Bf5 46. Re3 Rg7 47.
Rg1 Rxg1 48. Kxg1 b6 49. Kf2 Rb8 50. a4 Rd8 51. b4 Rd7 52. a5 cxb4 53. axb6 Bc2
54. b7 Rd8 55. Ke2 b3 56. Kd2 Rb8 57. Kc3 h5 58. Bc6 Kf7 59. Re8 Rxb7 60. Bxb7
Kxe8 61. Bf3 Bg6 62. Kxb3 Ke7 63. Kc3 Kf6 64. Kd4 Bf7 65. Be4 Be8 66. Kc3 Bf7
67. Kb4 Ke7 68. Kb5 Be8+ 69. Kb6 Bf7 70. Bd5 Bg6 71. Kc7 Bd3 72. Kc6 Bg6 73.
Bf3 Be8+ 74. Kc7 Bg6 75. Be2 Bf7 76. f5 Kf6 77. Kxd6 Bxc4 1/2-1/2